00753 2200253 4500001002100000005001500021035002500036020001800061040001700079082001200096084001400108090001800122100002900140245009200169250001100261260005400272300004300326504003600369650001600405850001200421007000300433008004100436990002200477INLIS00000000000420820200506014212 a0010-041500000001274 a979-420-924-4 aYOPDYOGbind04222a615 a615 ZUL f aDEP 615 ZUL f0 aZullies Ikawatiepenulis00aFarmakologi molekuler :btarget aksi obat dan mekanisme molekulernya /cZullies Ikawati aCet. 13 aYogyakarta :bGadjah Mada University Press,c2014 axii, 175 halaman :bilustrasi ;c23 cm aBibliografi : halaman 161 - 175 4aFarmakologi aYOPDYOGta150416s2014 yoia g ind d aCB-D.11/2014-1126